Get the Picture: Which Lannister? Quiz Stats

 Plays Quiz Updated Jul 10, 2019

Score 0/18 Timer 04:00
3 Plays Today
Question Answer Wrong Answers
Which Lannister sibling pushes Bran out a window in Winterfell? Jaime Lannister
93.2%
Cersei Lannister
2.2%
Tyrion Lannister
1.4%
Which Lannister sibling says, 'That's what I do. I drink and I know things'? Tyrion Lannister
93.2%
Jaime Lannister
1.9%
Cersei Lannister
1.9%
Which Lannister sibling endures a walk of atonement through the streets of King's Landing? Cersei Lannister
93%
Jaime Lannister
2.4%
Tyrion Lannister
1.4%
Which Lannister sibling fires a crossbow at their father Tywin? Tyrion Lannister
92.6%
Jaime Lannister
2.5%
Cersei Lannister
1.6%
Which Lannister sibling killed the Mad King after receiving orders to burn King's Landing with wildfire? Jaime Lannister
91.9%
Cersei Lannister
2.4%
Tyrion Lannister
2.6%
Which Lannister sibling had bitter rivalries with Olenna Tyrell and Ellaria Sand? Cersei Lannister
91.3%
Jaime Lannister
3.8%
Tyrion Lannister
1.7%
Which Lannister sibling watches smugly as the Great Sept of Baelor is destroyed by wildfire? Cersei Lannister
91.3%
Jaime Lannister
2.7%
Tyrion Lannister
2.9%
Which Lannister sibling is offered a Valyrian sword by their father Tywin? Jaime Lannister
91.2%
Cersei Lannister
1.7%
Tyrion Lannister
3.9%
Which Lannister sibling weds a member of House Stark? Tyrion Lannister
90.6%
Jaime Lannister
2.6%
Cersei Lannister
3.6%
Which Lannister sibling stands by Daenerys's side as she delivers her execution of Randyll and Dickon Tarly? Tyrion Lannister
89.9%
Jaime Lannister
4.5%
Cersei Lannister
2.3%
Which Lannister sibling is held in a cell by septas and the High Sparrow for the crime of adultery? Cersei Lannister
89.9%
Jaime Lannister
3%
Tyrion Lannister
4%
Which Lannister sibling sails through the ruins of Valyria with Jorah Mormont? Tyrion Lannister
89.8%
Jaime Lannister
4.9%
Cersei Lannister
2%
Which Lannister sibling charges on horseback towards Drogon and Daenerys? Jaime Lannister
89.6%
Cersei Lannister
2%
Tyrion Lannister
5.3%
Which Lannister sibling is smuggled out of Robb Stark's camp by Brienne of Tarth? Jaime Lannister
89.4%
Cersei Lannister
1.8%
Tyrion Lannister
5.7%
Which Lannister sibling leads a successful defense of King's Landing during the Battle of the Blackwater? Tyrion Lannister
83.6%
Jaime Lannister
9.7%
Cersei Lannister
3.5%
Which Lannister sibling embraces Myrcella moments before her death by Dornish poison? Jaime Lannister
77.5%
Cersei Lannister
15.5%
Tyrion Lannister
3.9%
Which Lannister sibling chooses Gregor Clegane as their champion in a trial by combat? Cersei Lannister
77%
Jaime Lannister
3.1%
Tyrion Lannister
17.2%
Which Lannister sibling warns Ned Stark that 'in the game of thrones, you win or you die'? Cersei Lannister
76.3%
Jaime Lannister
7.5%
Tyrion Lannister
13.1%

Today's Daily Dose

Missing Word
Video Games (A-Z)

Get the Picture
Tom Hanks

You're not logged in!

Compare scores with friends on all Sporcle quizzes.
OR
Log In

Sporcle TV

Today on Sporcle TV


Watch our educational content, quiz creation guides, and fun videos on Sporcle TV.

Show Comments

Extras

Top Quizzes Today


Score Distribution

Your Account Isn't Verified!

In order to create a playlist on Sporcle, you need to verify the email address you used during registration. Go to your Sporcle Settings to finish the process.

Report this User

Report this user for behavior that violates our Community Guidelines.

Details: